000 00928nam a2200241 a 4500
005 20210219160359.0
008 081028s2000 mx r 000 0 spa d
020 _a9701847474
035 _aUPN01000164412
049 _aUNE
080 _a159.922. 7 "2000" MEE.
100 1 _aMeece, Judith
245 1 0 _aDesarrollo del niño y del adolescente: Compendio para educadores/ por Judith Meece; traducción de José C. Pecina Hernández.
260 _aMéxico : SEP : McGraw-Hill Interamericana, 2000.
300 _axiii, 394 p.; 27 cm. il.
440 0 _aBiblioteca para la actualización del maestro
500 _aIncluye bibliografía.
690 _aPsicologia del niño- Desarrollo afectivo
690 _aPsicologia del adolescente- Cognicion
700 1 _aPecina Hernádez, José C., tr
710 1 _aMéxico. Secretaría de Educación Pública. Subsecretaría de Educación Básica y Normal.
905 _aUNESCO
999 _c136524
_d136524